000 00726cam a2200217 4500
001 ABS60824
008 000000n1999 000 0 eng u
035 _a(Sirsi) u101323
100 _aHarris, P.
245 _aHabitons en France!
260 _c1999
490 _aSolicitors' Journal
_v143(3711) 17 June 1999, 300-301(2)
520 _aOutlines methods of acquiring and holding property in France, and identifies some of the issues which non-residents should consider before taking on a property, including wealth tax, gift tax and estate duty.
650 _aFRANCE
650 _aESTATE DUTY
650 _aHOUSE PURCHASE
650 _aOVERSEAS PROPERTY
650 _aTAXATION
690 _aOVERSEAS
942 _n0
999 _c60472
_d60472